| 000 | 00371nam a2200133Ia 4500 | ||
|---|---|---|---|
| 008 | 231129s2005||||xx |||||||||||||| ||spa|| | ||
| 020 | _a958-97389-5-8 | ||
| 082 | _aER- 290 | ||
| 100 | _aGil Montoya Rigoberto | ||
| 245 | 0 | _aGuía del paseante | |
| 260 | _c2005 | ||
| 264 | _aManizales: Gráficas Tizán 2005 | ||
| 942 |
_2ddc _cBKS |
||
| 999 |
_c14756 _d14756 |
||